Diccionario español-alemán

Gespeichert in:
Bibliographische Detailangaben
1. Verfasser: Martínez Amador, Emilio María (autor)
Format: Buch
Sprache:Spanisch
Deutsch
Veröffentlicht: Barcelona Sopena 1955
Schlagworte:
Tags: Tag hinzufügen
Keine Tags, Fügen Sie den ersten Tag hinzu!

MARC

LEADER 00000nam a2200000 a 4500
001 UCT3402
003 CL-VaPUC
008 961024e19550000SP |||||||||||||||||spa|d
041 0 7 |a spa  |2 CL-VaPUC 
041 0 7 |a ger  |2 CL-VaPUC 
082 0 4 |a 433.61  |b MAR  |2 21 
100 |a Martínez Amador, Emilio María  |e autor  |9 557086 
245 1 0 |a Diccionario español-alemán 
246 1 0 |a Spanisch-deutsches Wörterbuch 
300 |a 1172 p 
942 |c BK 
945 |d 19961024 00:00:00  |a cmena 
260 |a Barcelona  |b Sopena  |c 1955 
650 0 |a Diccionarios  |9 256200 
650 0 |a Español  |9 255372 
650 0 |a Alemán   |9 330722 
650 0 |a Glosarios  |9 261047 
583 |a last modification  |c 19961024 00:00:00  |k Rodrigo Vera 
999 |c 253067  |d 253065 
952 |0 0  |1 0  |4 0  |6 433_610000000000000_MAR_1955  |7 0  |8 X  |9 273513  |a BIBCUR  |b BIBCUR  |d 2019-11-19  |i 1774697  |l 1  |o 433.61 MAR 1955  |p 1774697  |r 2025-04-22  |s 2025-03-11  |w 2019-11-19  |y BK_X  |k BCB